|
|
|
|
| LEADER |
02655nam a22004815i 4500 |
| 001 |
978-3-319-11233-6 |
| 003 |
DE-He213 |
| 005 |
20151204144518.0 |
| 007 |
cr nn 008mamaa |
| 008 |
141204s2014 gw | s |||| 0|eng d |
| 020 |
|
|
|a 9783319112336
|9 978-3-319-11233-6
|
| 024 |
7 |
|
|a 10.1007/978-3-319-11233-6
|2 doi
|
| 040 |
|
|
|d GrThAP
|
| 050 |
|
4 |
|a QD450-882
|
| 072 |
|
7 |
|a PNR
|2 bicssc
|
| 072 |
|
7 |
|a SCI013050
|2 bisacsh
|
| 082 |
0 |
4 |
|a 541
|2 23
|
| 100 |
1 |
|
|a Apelblat, Alexander.
|e author.
|
| 245 |
1 |
0 |
|a Citric Acid
|h [electronic resource] /
|c by Alexander Apelblat.
|
| 264 |
|
1 |
|a Cham :
|b Springer International Publishing :
|b Imprint: Springer,
|c 2014.
|
| 300 |
|
|
|a XII, 357 p. 88 illus., 55 illus. in color.
|b online resource.
|
| 336 |
|
|
|a text
|b txt
|2 rdacontent
|
| 337 |
|
|
|a computer
|b c
|2 rdamedia
|
| 338 |
|
|
|a online resource
|b cr
|2 rdacarrier
|
| 347 |
|
|
|a text file
|b PDF
|2 rda
|
| 505 |
0 |
|
|a Preface -- Chapter -- Introduction -- Properties of Citric Acid and its Solutions -- Dissociation Equilibria in Solutions with Citrate Ions -- Citric Acid Chemistry -- Physicochemical Properties of Inorganic Citrates -- References.
|
| 520 |
|
|
|a This monograph is devoted to different aspects associated with citric acid, inorganic citrates and their aqueous and organic solutions. It includes information about properties, occurrence and technological applications of citric acid and inorganic citrates. Phase equilibria - melting, freezing, boiling, vapour pressures, solubilities of citric acid in water, organic solvents and ternary systems are presented, correlated, and analyzed. Dynamic properties - viscosities, diffusion coefficients, electrical conductivities and surface tensions are examined. Mathematical representations of citric acid dissociation, in electrolyte solutions and in buffers are discussed. Citric acid chemistry - syntheses of citric acid, neutralization, degradation, oxidation, esterification, formation of anhydrides, amides and citrate-based siderophores is reviewed.
|
| 650 |
|
0 |
|a Chemistry.
|
| 650 |
|
0 |
|a Pharmaceutical technology.
|
| 650 |
|
0 |
|a Food
|x Biotechnology.
|
| 650 |
|
0 |
|a Physical chemistry.
|
| 650 |
|
0 |
|a Environmental chemistry.
|
| 650 |
1 |
4 |
|a Chemistry.
|
| 650 |
2 |
4 |
|a Physical Chemistry.
|
| 650 |
2 |
4 |
|a Food Science.
|
| 650 |
2 |
4 |
|a Pharmaceutical Sciences/Technology.
|
| 650 |
2 |
4 |
|a Environmental Chemistry.
|
| 710 |
2 |
|
|a SpringerLink (Online service)
|
| 773 |
0 |
|
|t Springer eBooks
|
| 776 |
0 |
8 |
|i Printed edition:
|z 9783319112329
|
| 856 |
4 |
0 |
|u http://dx.doi.org/10.1007/978-3-319-11233-6
|z Full Text via HEAL-Link
|
| 912 |
|
|
|a ZDB-2-CMS
|
| 950 |
|
|
|a Chemistry and Materials Science (Springer-11644)
|